LEADER 00855nam a2200229 a 4500 001 000000015816 003 CaOOAMICUS 005 20130930130602.0 008 941215s1926 it u000 u ita u 035 $a10369766 040 $aPUL(R)$bita 100 1 $aDucati, Bruno.$0(OLS)http://pul/name/14460 245 10$aSintesi del diritto musulmano /$cBruno Ducati. 260 $aBologna :$bN. Zanichelli,$c[1926] 300 $aviii, 218 p. ;$c19 cm 650 4$aDiritto islamico.$0(OLS)http://pul/subject/490 850 $aPUL 852 $aPUL$W1$xDP2 Diritto e Scienze Sociali 1$y65$m210 E 20$j22237$nBK-PRI$qStampati$B22237$CPULBib$Z2$F22237 $82 941 1 $a8 961 $aEx libris: Evaristi Carusi. 996 $6245$aSintesi del diritto musulmano$9(OLS)http://pul/title/22642 996 $6260$aBologna :$bN. Zanichelli$9(OLS)http://pul/publisher/47939 LEADER 01134nam a2200265 u 4500 001 000000052496 003 CaOOAMICUS 005 20070226115445.0 008 001018s1989 it u000 u ita u 035 $a10858607 040 $aPUL(R)$bita 100 1 $aBordonali, Salvatore.$0(OLS)http://pul/name/30208 245 10$aNote sulla Legazia apostolica di Sicilia /$cS. Bordonali. 260 $aSoveria Mannelli :$bRubbettino,$c1989. 300 $aP. 9-23 ;$c24 cm 500 $aEstratto da: "Incontri meridionali. Rivista di storia e cultura, Terza serie, n. 2 1989". 504 $aBibliografia in nota. 650 4$aNormanni$zSicilia$xStoria.$0(OLS)http://pul/subject/8136 650 4$aChiesa$xStoria$yMedioevo, 600-1500.$0(OLS)http://pul/subject/660 850 $aPUL 852 $aPUL$W1$xDP1 Fondo Ciprotti$y59$m1544 E 81$j69405$nBK-PRI$b $qFondi$B69405$CPULBib$Z2$F69405 $H $81 941 1 $a1 961 $aINV: F. Ciprotti 996 $6245$aNote sulla Legazia apostolica di Sicilia$9(OLS)http://pul/title/70408 996 $6260$aSoveria Mannelli :$bRubbettino$9(OLS)http://pul/publisher/51639